Largest Urban Area in Each US State - Statistics

General Stats
  • This quiz has been taken 78 times
  • The average score is 43 of 50
Answer Stats
Hint Answer % Correct
Colorado Denver
99%
California Los Angeles
99%
Arizona Phoenix
99%
Arkansas Little Rock
97%
Alaska Anchorage
96%
Georgia Atlanta
94%
Massachusetts Boston
94%
Illinois Chicago
94%
Hawaii Honolulu
94%
Indiana Indianapolis
94%
Nevada Las Vegas
94%
Florida Miami
94%
Louisiana New Orleans
94%
Idaho Boise
93%
Michigan Detroit
93%
Minnesota Minneapolis
93%
New York New York
93%
New Mexico Albuquerque
91%
Iowa Des Moines
91%
Connecticut Hartford
91%
Kansas Kansas City
91%
Oklahoma Oklahoma City
91%
Pennsylvania Philadelphia
91%
Missouri St. Louis
91%
North Carolina Charlotte
90%
Texas Houston
90%
Mississippi Jackson
90%
Kentucky Louisville
90%
Tennessee Nashville
90%
Oregon Portland
90%
Rhode Island Providence
90%
Utah Salt Lake City
90%
Washington Seattle
90%
Maryland Baltimore
89%
Alabama Birmingham
89%
Ohio Cleveland
89%
Wisconsin Milwaukee
86%
Nebraska Omaha
86%
Maine Portland
84%
Wyoming Cheyenne
83%
South Carolina Charleston
81%
Montana Billings
80%
North Dakota Fargo
73%
South Dakota Sioux Falls
73%
West Virginia Charleston
70%
Virginia Washington
70%
New Jersey New York
66%
Vermont Burlington
64%
Delaware Philadelphia
60%
New Hampshire Nashua
39%
No matching quizzes found
Score Distribution
Percent of People with Each Score
Percentile by Number Answered
Your Score History
You have not taken this quiz